A női vezetők nehézségei a szállodaiparban
| Szerző: | |
|---|---|
| További közreműködők: | |
| Dokumentumtípus: | Diplomadolgozat |
| Kulcsszavak: | munkaerőpiac nők szállodaipar társadalmi megítélés vezetők |
| Online Access: | http://dolgozattar.uni-bge.hu/59877 |
MARC
| LEADER | 00000nta a2200000 i 4500 | ||
|---|---|---|---|
| 001 | dolg59877 | ||
| 005 | 20260409145704.0 | ||
| 008 | 260409suuuu hu om 000 hun d | ||
| 040 | |a BGE Dolgozattár Repozitórium |b hun | ||
| 041 | |a hu | ||
| 100 | 1 | |a Beke Katalin | |
| 245 | 1 | 2 | |a A női vezetők nehézségei a szállodaiparban |c Beke Katalin |h [elektronikus dokumentum] |
| 520 | 3 | |a Szakdolgozatom témája a női vezetők nehézségeiről és kihívásairól szól a szállodaiparban. A kutatás több aspektust ölel fel, beleértve a nemi sztereotípiák és előítéletek hatását a női vezetők előléptetésére és megítélésére. A szállodaiparban vezetőnek lenni már önmagában sok nehézséggel és kihívással jár, nemtől függetlenül.A nők alapvető munkaerőpiaci helyzetét is érdemes vizsgálni, hiszen a kezdetekben a nők feladata a család egységben tartása, gyermekek nevelése volt.A 20. század elején kezdődtek a feminista forradalmak, mellyel megkezdődött az évtizedeken át tartó „küzdelem”, ahol a nők akarataikat szerették volna érvényesíteni, hogy a munkaerőpiacon ugyanolyan módon legyenek kezelve, mint a férfiak. Az évtizedek során a női munkaerő alkalmazása normalizálódott a társadalomban és beépült az elvárásokba és elképzelésekbe is.A 20. század közepének végén született generáció előtt már példaként szerepelt az, hogy a nők is kenyérkereső pozíciót töltenek be a családban.Mára már a női vezetők jelenléte ugyanolyan természetessé vált, mint a férfiaké. Tanulmányaimból és munkahelyemből fakadóan érdekesnek, fontosnak találtam megvizsgálni, hogy a szállodaipari női vezetők milyen nehézségekkel és kihívásokkal találkoznak munkájuk során. | |
| 695 | |a munkaerőpiac | ||
| 695 | |a nők | ||
| 695 | |a szállodaipar | ||
| 695 | |a társadalmi megítélés | ||
| 695 | |a vezetők | ||
| 700 | 1 | |a Fekete-Frojimovics Dr. Zsófia |e ths | |
| 856 | 4 | 0 | |u http://dolgozattar.uni-bge.hu/59877/1/Beke%20Katalin_HOQ21M_Szakdolgozat.pdf |z Dokumentum-elérés |
| 856 | 4 | 0 | |u http://dolgozattar.uni-bge.hu/59877/2/Szakdolgozat%20%C3%A9rt%C3%A9kel%C5%91%20Bsc_2505_BekeK_utszerv_FFZs.pdf |z Dokumentum-elérés |
| 856 | 4 | 0 | |u http://dolgozattar.uni-bge.hu/59877/3/Beke%20Katalin_B%C3%ADr%C3%A1lati%20lap_2025_Dr_Jevcs%C3%A1k_Szintia.pdf |z Dokumentum-elérés |